Dizionario italiano-spagnolo e spagnolo-italiano
Gardado en:
| Autor Principal: | |
|---|---|
| Formato: | Libro |
| Idioma: | Lingua italiana Lingua castelá |
| Publicado: |
Bolonia
Capitol
1980
|
| Subjects: | |
| Tags: |
Engadir etiqueta
Sen Etiquetas, Sexa o primeiro en etiquetar este rexistro!
|
MARC
| LEADER | 00000nam a2200000 a 4500 | ||
|---|---|---|---|
| 001 | UCI4457 | ||
| 003 | CL-VaPUC | ||
| 008 | 080118e19800000IT |||||||||||||||||ita|d | ||
| 041 | 0 | 7 | |a ita |2 CL-VaPUC |
| 041 | 0 | 7 | |a spa |2 CL-VaPUC |
| 082 | 0 | 4 | |a 453.61 |b BON |2 21 |
| 100 | 0 | |a Bonelli, M. L |e author |9 526377 | |
| 245 | 1 | 0 | |a Dizionario italiano-spagnolo e spagnolo-italiano |
| 300 | |a 365 p | ||
| 942 | |c BK | ||
| 945 | |d 20080118 00:00:00 |a rbrito | ||
| 260 | |a Bolonia |b Capitol |c 1980 | ||
| 500 | |a Donacion Padres Capuchinos | ||
| 650 | 7 | |a ITALIANO-DICCIONARIO |2 CL-VaPUC |9 526378 | |
| 650 | 7 | |a ESPAÑOL-DICCIONARIOS |2 CL-VaPUC |9 260592 | |
| 650 | 0 | |a Diccionarios |9 256200 | |
| 583 | |a last modification |c 20080118 00:00:00 |k Rodrigo Vera | ||
| 999 | |c 328399 |d 328397 | ||
| 952 | |0 0 |1 0 |4 0 |6 453_610000000000000_BON_1980 |7 0 |8 X |9 412269 |a FDOBUD |b FDOBUD |d 2019-11-22 |i 4402707 |o 453.61 BON 1980 |p 4402707 |r 2019-11-22 |w 2019-11-22 |y BK_X |k BUD | ||